Countries that won Uefa Europa League - Statistics

General Stats
  • This quiz has been taken 39 times
  • The average score is 51 of 54
Answer Stats
Hint Answer % Correct
1971-72 England
97%
1972-73 England
97%
1975-76 England
97%
1980-81 England
97%
1983-84 England
97%
2000-01 England
97%
2012-13 England
97%
2016-17 England
97%
2018-19 England
97%
2024-25 England
97%
1984-85 Spain
97%
1985-86 Spain
97%
2003-04 Spain
97%
2005-06 Spain
97%
2006-07 Spain
97%
2009-10 Spain
97%
2011-12 Spain
97%
2013-14 Spain
97%
2014-15 Spain
97%
2015-16 Spain
97%
2017-18 Spain
97%
2019-20 Spain
97%
2020-21 Spain
97%
2022-23 Spain
97%
1974-75 Germany
94%
1978-79 Germany
94%
1979-80 Germany
94%
1987-88 Germany
94%
1995-96 Germany
94%
1996-97 Germany
94%
2021-22 Germany
94%
1976-77 Italy
94%
1988-89 Italy
94%
1989-90 Italy
94%
1990-91 Italy
94%
1992-93 Italy
94%
1993-94 Italy
94%
1994-95 Italy
94%
1997-98 Italy
94%
1998-99 Italy
94%
2023-24 Italy
94%
1973-74 Netherlands
94%
1977-78 Netherlands
94%
1991-92 Netherlands
94%
2001-02 Netherlands
94%
2002-03 Portugal
94%
2010-11 Portugal
94%
1982-83 Belgium
85%
2004-05 Russia
85%
2007-08 Russia
85%
1999-00 Turkey
79%
2008-09 Ukraine
79%
1981-82 Sweden
76%
1986-87 Sweden
76%
No matching quizzes found
Score Distribution
Percent of People with Each Score
Percentile by Number Answered
Your Score History
You have not taken this quiz